Avances en psicología educacional
I tiakina i:
| Hōputu: | Pukapuka |
|---|---|
| Reo: | Pāniora |
| I whakaputaina: |
Antofagasta
Universidad del Norte
1986
|
| Ngā marau: | |
| Ngā Tūtohu: |
Tāpirihia he Tūtohu
Kāore He Tūtohu, Me noho koe te mea tuatahi ki te tūtohu i tēnei pūkete!
|
MARC
| LEADER | 00000nam a2200000 a 4500 | ||
|---|---|---|---|
| 001 | UCZ8089 | ||
| 003 | CL-VaPUC | ||
| 008 | 960112e19860000CL |||||||||||||||||spa|d | ||
| 082 | 0 | 4 | |a 370.15 |b AVA |2 21 |
| 245 | 1 | 0 | |a Avances en psicología educacional |
| 300 | |a 152 p | ||
| 942 | |c BK | ||
| 945 | |d 19960112 00:00:00 |a cmena | ||
| 260 | |a Antofagasta |b Universidad del Norte |c 1986 | ||
| 650 | 0 | |a Psicología educacional |9 307830 | |
| 650 | 0 | |a Desarrollo individual |9 307875 | |
| 650 | 0 | |a Familias |9 255641 | |
| 650 | 7 | |a ORIENTACION EDUCACIONAL |2 CL-VaPUC |9 312512 | |
| 650 | 7 | |a PSICOTERAPIA |2 CL-VaPUC |9 353227 | |
| 650 | 0 | |a Relaciones interpersonales |9 307056 | |
| 650 | 0 | |a Psicología social |9 222894 | |
| 650 | 0 | |a Trastornos del aprendizaje |9 307969 | |
| 583 | |a last modification |c 19960112 00:00:00 |k Rodrigo Vera | ||
| 999 | |c 244049 |d 244047 | ||
| 952 | |0 0 |1 0 |4 0 |6 370_150000000000000_AVA_1986 |7 0 |8 A |9 257968 |a BIBEDU |b BIBEDU |d 2019-11-19 |i 1617222 |o 370.15 AVA 1986 |p 1617222 |r 2019-11-19 |w 2019-11-19 |y BK |k EDU | ||
| 952 | |0 0 |1 0 |4 0 |6 370_150000000000000_AVA_1986 |7 0 |8 A |9 257969 |a BIBEDU |b BIBEDU |d 2019-11-19 |i 1617273 |o 370.15 AVA 1986 |p 1617273 |r 2019-11-19 |w 2019-11-19 |y BK |k EDU | ||